00761nam a2200205 a 450000100100000000500170001000800410002702000120006804000250008010000420010524000830014724500820023025000110031226000340032330000270035750400280038450000210041295201050043399900170053800003690220200930080017.0120203s1981 mx 000 0 spa d 82308380 aDO-SdBNPbspacBNPHU1 aFirth, Raymond William,d1901-96329212aMan and culture, an evaluation of the work of bronislaw malinownskilespañol10aHombre y cultura :bLa obra de Bronislaw Malinowski /cR. Firth ... [et al.]. a2a ed. aMéxico :bSiglo XXI,c1981. aviii, 339 p. ;c21 cm. aBibliografía : p. 339 aIncluye índice 001050718MOaGRbGRcCTd2012-02-03iLF1l0o p36902-10r2020-06-25w2020-06-25y1ZNo se presta c36392d36392